| 000 | 00421nam a2200145 4500 | ||
|---|---|---|---|
| 003 | OSt | ||
| 082 |
_a631.587 _bSAB/AS |
||
| 088 | _aT 604 | ||
| 100 |
_aSabu, Diya N _96132 |
||
| 245 | _aAssessment of baseflow for micro watersheds in the midland of Kerala / | ||
| 260 |
_aKCAET, Tavanur : _bDepartment of Soil & Water Conservation Engineering, _c2024. |
||
| 300 | _a138 p. | ||
| 700 | _aSathian K. K. (Guide) | ||
| 942 | _cTH | ||
| 999 |
_c18077 _d18077 |
||